| 000 | 00854cam a2200205 a 4500 | ||
|---|---|---|---|
| 020 | _a186242019X | ||
| 040 | _cFJAE | ||
| 082 | 0 | 0 | _a910 GEO 1997 A100 Or. |
| 245 | 0 | 0 |
_aGetting to know ArcView GIS : _bthe geographic information system (GIS) for everyone. |
| 250 | _a2nd ed. | ||
| 260 |
_aCambridge : _bGeoInformation International, _c1997. |
||
| 300 |
_a1 v. (various pagings) : _bcol. ill. ; _c23 cm. + _e1 computer laser optical disc (4 3/4 in.). |
||
| 500 | _a"Discover the world of desktop mapping and GIS." | ||
| 500 | _aDeveloped by Environmental Systems Research Institute. | ||
| 500 | _aIncludes a trial copy of ArcView GIS version 3 software with data, tutorial and demos. | ||
| 500 | _aIncludes index. | ||
| 650 | 0 | _aGeographic information systems. | |
| 710 | 2 | _aEnvironmental Systems Research Institute (Redlands, Calif.) | |
| 942 | _cEK | ||
| 999 |
_c12501 _d12501 |
||